000 00305nam a2200121Ia 4500
008 180117s9999 xx 000 0 und d
100 _aAlfredo N Mendoza
245 _aScience for the People
260 _c2017
300 _a10-13 pages, 2017 July 16
440 _aPhilippine Panorama
650 _aPEOPLE
999 _c353326
_d353326